Wrestling Theme Songs (REVERSED) Quiz Stats

 Plays Quiz not verified by Sporcle

Support Sporcle.
Go Orange.
Score 0/11 Timer 10:00
0 Plays Today
Hint Answer % Correct
John Cena
83.3%
Samoa Joe
66.7%
New World Order
50%
Razor Ramon
50%
Simon Dean
41.7%
Al Snow
33.3%
Goldberg
33.3%
Jake Roberts
33.3%
Vader
33.3%
Billy Gunn
25%
Sycho Sid
25%

You're not logged in!

Compare scores with friends on all Sporcle quizzes.
OR
Log In

From the Vault

Oscar Best Actress (1980s)

by minshkins

We're pretty sure none of them are named Oscar, though.
Remove Ads.
Support Sporcle.
Get the best of Sporcle when you Go Orange. This ad-free experience offers more features, more stats, and more fun while also helping to support Sporcle. Thank you for becoming a member.

Show Comments

Extras

Top Quizzes Today


Score Distribution

Your Account Isn't Verified!

In order to create a playlist on Sporcle, you need to verify the email address you used during registration. Go to your Sporcle Settings to finish the process.

Report this User

Report this user for behavior that violates our Community Guidelines.

Details: